000 00721nas a2200229 4500
001 BR9211821
003 BR-BrBNA
005 20231205093529.0
007 ta
008 230509b bl.|||p| |||| 00| 00por d
040 _aBR-BrBNA
_bpor
_cBiblioteca Nacional de Agricultura
041 _a(Pt)
072 _aH01
100 1 _aMatuo, T.
245 1 _aA tecnica de aplicacao no uso adequado de fungicidas
246 1 _a[The technical of application in the appropriate use of fungicides]
650 _aFUNGICIDA
650 _aPULVERIZACAO
773 0 _tSumma Phytopathologica (Brazil)
_xISSN 0100-5405
_g(Jan-Mar 1992), v. 18(1) p. 59-61
_wBR9211821
909 _a202311
_bLúcia
_c55
_dLúcia Elande
942 _2AGRIS
_n0
_cANA
999 _c139018
_d139018